| 000 | 01389nam a22002417a 4500 | ||
|---|---|---|---|
| 005 | 20220419161309.0 | ||
| 008 | 220419b ||||| |||| 00| 0 eng d | ||
| 020 | _a1857251091 | ||
| 040 | _cAloy | ||
| 041 | _aeng | ||
| 082 |
_223 _a324.94 _bMITE |
||
| 100 |
_aAustin Mitchell _930444 |
||
| 245 |
_aElection fourty five: _bReflections on the revolution in Britain |
||
| 260 |
_aLondon _bFabian Society _c1995 |
||
| 300 |
_a128 p. _bPB _c21x14 cm |
||
| 365 | _2Political Science | ||
| 520 | _a''The story of the 1945 election is told by those who took part: Fabians, candidates and elected MPs of the three main parties...Britain has had three revolutions, the Civil War, the Glorious Revolution and 1945. The first two changed the elite and the regime. The 1945 election did that in a massive transfusion of new blood but also ushered in a new social, political and economic settlement. A radical programme was carried through by a government of giant figures who built a welfare state, and an economy run for full employment and high and sustainable growth on Keynesian lines with its commanding heights in public ownership. That settlement endured until Margaret Thatcher's counter revolution."--BOOK JACKET. | ||
| 650 |
_aElections _930435 |
||
| 650 |
_aGreat Britain _930436 |
||
| 650 |
_aRoad to Revolution _930437 |
||
| 700 |
_aMITCHELL (Austin) _930438 |
||
| 942 |
_2ddc _cGF |
||
| 999 |
_c222487 _d222487 |
||